Don Juan : (Registro nro. 38084)

Detalles MARC
000 -LEADER
campo de control de longitud fija 01966cam a22003854i 4500
003 - IDENTIFICADOR DE NÚMERO DE CONTROL
campo de control PE-LiUPU
005 - FECHA Y HORA DE LA ÚLTIMA TRANSACCIÓN
campo de control 20250731184106.0
008 - DATOS DE LONGITUD FIJA--INFORMACIÓN GENERAL
campo de control de longitud fija 150616s r 000 0 d
035 ## - NÚMERO DE CONTROL DEL SISTEMA
Número de control de sistema (Sirsi) a3062
040 ## - FUENTE DE CATALOGACIÓN
Centro catalogador/agencia de origen PE-LiUPU
Lengua de catalogación spa
Centro/agencia transcriptor PE-LiUPU
Normas de descripción rda
049 ## - FONDOS LOCALES (OCLC)
Biblioteca depositaria PRUA
082 04 - NÚMERO DE LA CLASIFICACIÓN DECIMAL DEWEY
Número de clasificación 863.09
Cutter M311d
Número de edición 23
100 1# - ENTRADA PRINCIPAL--NOMBRE DE PERSONA
Nombre de persona Marañón, Gregorio,
Término indicativo de función/relación autor
Fechas asociadas al nombre 1887-1960.
245 10 - MENCIÓN DEL TÍTULO
Título Don Juan :
Resto del título ensayos sobre el origen de su leyenda /
Mención de responsabilidad, etc. Gregorio Marañón.
250 ## - MENCION DE EDICION
Mención de edición Undécima edición
264 #1 - PRODUCCIÓN, PUBLICACIÓN, DISTRIBUCIÓN, FABRICACIÓN Y COPYRIGHT
Producción, publicación, distribución, fabricación y copyright Madrid :
Nombre del de productor, editor, distribuidor, fabricante Espasa-Calpe,
Fecha de producción, publicación, distribución, fabricación o copyright 1967.
300 ## - DESCRIPCIÓN FÍSICA
Extensión 168 páginas ;
Dimensiones 19 centímetros.
336 ## - TIPO DE CONTENIDO
Término de tipo de contenido text
Fuente rdacontent
337 ## - TIPO DE MEDIO
Nombre/término del tipo de medio unmediated
Fuente rdamedia
338 ## - TIPO DE SOPORTE
Nombre/término del tipo de soporte volume
Fuente rdacarrier
490 0# - MENCIÓN DE SERIE
Mención de serie (Colección Austral ;
Designación de volumen o secuencia 129)
504 ## - NOTA DE BIBLIOGRAFÍA, ETC.
Nota de bibliografía, etc. Notas Bibliograficas.
505 0# - NOTA DE CONTENIDO CON FORMATO
Nota de contenido con formato Una iglesia olvidada -- La novia fundadora -- Años de paz -- Los alumbrados y el espíritu español -- Historia de los alumbrados -- Los alumbrados y el donjuanismo -- Epidemia de endemoniados -- El peregrino raro -- La dueña rijosa -- La denuncia y la condena -- El Conde-Duque y la priora -- Una ceremonia monstruosa -- La culpa inocente -- Reinvindicación de la priora -- La hoja en el viento -- El capellán demente -- Una fábula donjuanesca -- El acto cuarto inadmisible -- Un epílogo policíaco -- Falsedad y justificación de la leyenda -- Verdad y misterio de Sor Margarita -- Las leyendas finales -- Don Juan y yo -- Don Juan y el tiempo de hoy -- Donjuanismo juvenil -- El instinto indiferenciado -- El físico de Don Juan -- Los celos -- El escándalo -- Errores de la interpretación de Don Juan.
526 ## - NOTA DE INFORMACIÓN SOBRE EL PROGRAMA DE ESTUDIO
Nombre del programa Comunicación Y Periodismo
526 ## - NOTA DE INFORMACIÓN SOBRE EL PROGRAMA DE ESTUDIO
Nombre del programa Educación, Especialidad Inglés Y Español (A Distancia)
526 ## - NOTA DE INFORMACIÓN SOBRE EL PROGRAMA DE ESTUDIO
Nombre del programa Educación, Especialidad Inglés Y Español
526 ## - NOTA DE INFORMACIÓN SOBRE EL PROGRAMA DE ESTUDIO
Nombre del programa Educación secundaria, especialidad lingüística e inglés
526 ## - NOTA DE INFORMACIÓN SOBRE EL PROGRAMA DE ESTUDIO
Nombre del programa Ciencias de la comunicación
630 #7 - PUNTO DE ACCESO ADICIONAL DE MATERIA--TÍTULO UNIFORME
Título uniforme Don Juan
Subdivisión general Crítica e interpretación.
9 (RLIN) 2098
Fuente del encabezamiento o término BLAAUTO
650 #0 - PUNTO DE ACCESO ADICIONAL DE MATERIA--TÉRMINO DE MATERIA
Término de materia o nombre geográfico como elemento de entrada Ensayos españoles
Fuente del encabezamiento o término BLAAUTO
9 (RLIN) 2099
910 ## - DATOS DE OPCIÓN DEL USUARIO (OCLC)
Datos de opción del usuario jck
942 ## - ELEMENTOS DE ENTRADA SECUNDARIOS (KOHA)
Fuente del sistema de clasificación o colocación Clasificación Decimal Dewey
Tipo de ítem Koha Libros físicos
Suprimir en OPAC No
980 ## - EQUIVALENCIA O REFERENCIA-CRUZADA-MENCIÓN DE SERIE--NOMBRE DE PERSONA/TÍTULO [LOCAL, CANADÁ]
ID del último usuario que modificó el registro 1
Nombre del último usuario que modificó el registro ALBERTO SANCHEZ Responsable de Automatización
Existencias
Visto por última vez Número de inventario Total de préstamos Signatura topográfica completa Código de barras Copia número Fecha de reemplazo Facultad Tipo de ítem Koha Nota pública Estado de pérdida Fuente del sistema de clasificación o colocación Restricciones de uso No para préstamo Colección Programa académico Biblioteca de origen Biblioteca actual Ubicación en estantería Fecha de adquisición Fuente de adquisición
2025-12-03 6   863.09 M311d 07672 e1 2015-04-23 FACIHED Libros físicos inventario-2023-12-13 No Perdido Clasificación Decimal Dewey No restringido Disponible para préstamos Colección General Educación primaria Biblioteca CRAI UPeU Lima Biblioteca CRAI UPeU Lima Sala principal 2015-04-23 COMPRA